| 000 | 00659nam a2200181 i 4500 | ||
|---|---|---|---|
| 001 | 25686 | ||
| 003 | ES-MaACL | ||
| 005 | 20230906153320.0 | ||
| 007 | t| | ||
| 008 | 030102s1972 sp f |||| | spa d | ||
| 245 | 0 | 0 | _aArchivo de prehistoria levantina. |
| 260 |
_aValencia : _b[Diputación Provincial] : _bServicio de Investigación Prehistórica, _c1972. |
||
| 300 |
_a416 p., 43 lám., 2 lám. pleg. ; _c27 cm. |
||
| 650 | 4 |
_aArqueología- _zComunidad Valenciana. _9169165 |
|
| 651 | 4 |
_aComunidad Valenciana- _xHistoria- _yÉpoca prehistórica. _9169166 |
|
| 710 | 2 |
_aServicio de Investigación Prehistórica (Valencia) _9169161 |
|
| 852 |
_aES-MaACL _jC-47716 |
||
| 999 |
_c25686 _d25686 |
||